[Event "47th Sparkassen Open"]
[Site "Dortmund GER"]
[Date "2019.07.16"]
[Round "4.14"]
[White "Hartikainen, Markku"]
[Black "Farokhi, Keyvan"]
[Result "1/2-1/2"]
[WhiteTitle "FM"]
[WhiteElo "2237"]
[BlackElo "1946"]
[WhiteFideId "501417"]
[BlackFideId "12998630"]
[EventDate "2019.07.13"]

1. e4 c6 2. d4 d5 3. e5 c5 4. dxc5 e6 5. Be3 Nh6 6. Bxh6 gxh6 7. Nf3 Qa5+ 8. c3
Qxc5 9. Bd3 Nc6 10. O-O Bd7 11. Nbd2 Bg7 12. Qe2 O-O-O 13. Nb3 Qb6 14. Nbd4 Nxd4
15. cxd4 Kb8 16. Rfc1 Rc8 17. Rxc8+ Rxc8 18. Bxh7 f5 19. exf6 Bxf6 20. Rd1 Ka8
21. h3 Bb5 22. Qd2 Bg7 23. b3 Qc7 24. Re1 Bd7 25. Bg6 Qd6 26. Bh5 a6 27. Bg4 Re8
28. Ne5 Bc8 29. f4 Re7 30. Rc1 Rc7 31. Kf2 Kb8 32. Ke3 Qe7 33. Rxc7 Kxc7 34.
Qa5+ Kb8 35. Qb6 Bxe5 36. dxe5 Qh4 37. Qd6+ Ka7 38. Qb4 Qg3+ 39. Bf3 Qg6 40.
Qc5+ Kb8 41. Qd6+ Ka7 42. Qc7 Qe8 43. g4 Bd7 44. f5 Bc6 45. Qd6 exf5 46. gxf5
Qg8 47. Kf2 Qg5 48. Qc5+ Kb8 49. Qd6+ Ka7 50. Qc5+ 1/2-1/2

[Event "47th Sparkassen Open"]
[Site "Dortmund GER"]
[Date "2019.07.16"]
[Round "4.15"]
[White "Wichtrup, Jan-Louis"]
[Black "Steinle, Carsten"]
[Result "1/2-1/2"]
[WhiteElo "2125"]
[BlackElo "2147"]
[WhiteFideId "16229355"]
[BlackFideId "24676462"]
[EventDate "2019.07.13"]

1. e4 d6 2. d4 Nf6 3. f3 g6 4. Be3 c6 5. c4 a6 6. Nc3 b5 7. Bd3 Nbd7 8. Nge2 e5
9. Qd2 Rb8 10. O-O Bg7 11. cxb5 cxb5 12. Rac1 O-O 13. Bb1 Nb6 14. b3 b4 15. Nd1
a5 16. Nb2 Nfd7 17. Rfd1 Re8 18. dxe5 dxe5 19. Bd3 Nf8 20. Bb5 Qxd2 21. Rxd2 Bd7
22. Bxd7 Nbxd7 23. Rc7 Red8 24. Nc1 Rbc8 25. Rxc8 Rxc8 26. Nc4 a4 27. Rd5 axb3
28. axb3 Nb8 29. Nd3 Nc6 30. Rd6 Ne6 31. Nb6 Rd8 32. Rxd8+ Nexd8 33. Bc5 Ne6 34.
Nxb4 Nxc5 35. Nxc6 Nxb3 36. Nc4 f6 37. Kf2 Kf7 38. Nb4 1/2-1/2

[Event "47th Sparkassen Open"]
[Site "Dortmund GER"]
[Date "2019.07.16"]
[Round "4.16"]
[White "Hammerich, Simon"]
[Black "Gallasch, Jonas"]
[Result "1/2-1/2"]
[WhiteElo "1954"]
[BlackElo "1996"]
[WhiteFideId "12955868"]
[BlackFideId "16222474"]
[EventDate "2019.07.13"]

1. e4 c6 2. d4 d5 3. e5 c5 4. dxc5 e6 5. a3 Bxc5 6. b4 Bb6 7. Qg4 Kf8 8. Nf3 Nd7
9. Bd3 Qc7 10. Bb2 Nh6 11. Qg3 a5 12. O-O f6 13. Re1 Nf7 14. Nc3 Ndxe5 15. Nxe5
Nxe5 16. Nb5 Qe7 17. Rxe5 fxe5 18. Bxe5 Kg8 19. Re1 axb4 20. axb4 Bd7 21. Nd4
Qf7 22. h4 Bd8 23. Re3 Bf6 24. Rf3 Bxe5 25. Qxe5 Qe7 26. Rg3 Kf8 27. Re3 Re8 28.
c4 Qxb4 29. cxd5 Qc5 30. Qf4+ Ke7 31. Qg5+ Kf8 32. Qf4+ Ke7 33. d6+ Kd8 34. Re1
Rhf8 35. Qe3 Qxd6 36. Be4 Qf4 37. Qe2 Ke7 38. Nf3 Rf6 39. Bxb7 Kf8 40. Qd3 Re7
41. Qxh7 Rh6 42. Qc2 e5 43. Qc5 Ke8 44. g3 Qf5 45. Qxe7+ Kxe7 46. Rxe5+ Qe6 47.
Rxe6+ Rxe6 48. Ng5 Rb6 49. Be4 Kf6 50. Kg2 Ke5 51. Bf3 Rb2 52. Ba8 Kd4 53. Nf3+
Kc3 54. Be4 Re2 55. Ng5 Kd4 56. Bf3 Rb2 57. g4 Ke5 58. Kg3 Rb3 59. Kg2 Rb4 60.
Kg3 Rb3 61. Kg2 Bc8 62. Bd1 Rb1 63. Bf3 Ba6 64. Be4 Rb2 65. Kg3 Rb3+ 66. f3 Bd3
67. Bxd3 Rxd3 68. h5 Ra3 69. h6 gxh6 70. Nf7+ Kf6 71. Nxh6 Kg5 72. Nf5 Rd3 73.
Nh4 Ra3 74. Ng2 Ra1 75. f4+ Kf6 76. Ne3 Ra3 77. Kf3 Rb3 78. g5+ Kg6 79. Ke4 Rb4+
80. Ke5 Rb1 81. Ng2 Rb5+ 82. Ke4 Rxg5 83. Nh4+ Kf6 84. fxg5+ Kxg5 1/2-1/2

[Event "47th Sparkassen Open"]
[Site "Dortmund GER"]
[Date "2019.07.16"]
[Round "4.17"]
[White "Schuh, Dirk"]
[Black "Biermann, Florian"]
[Result "1-0"]
[WhiteTitle "IM"]
[WhiteElo "2372"]
[BlackElo "2016"]
[WhiteFideId "4655311"]
[BlackFideId "12970069"]
[EventDate "2019.07.13"]

1. e4 c5 2. c3 g6 3. d4 cxd4 4. cxd4 d5 5. e5 Nc6 6. Nc3 Bg7 7. h3 Nh6 8. g4 f6
9. f4 fxe5 10. fxe5 O-O 11. Bg2 e6 12. Nf3 Qb6 13. Na4 Qb5 14. Be3 Nb4 15. Qb3
Qc4 16. Kd2 Nf7 17. Rhc1 Qxb3 18. axb3 Nd8 19. Nb6 axb6 20. Rxa8 Ndc6 21. Bg5
Bd7 22. Rxf8+ Kxf8 23. Bf6 Kg8 24. h4 h6 25. Bf1 Bf8 26. Bb5 Kf7 27. Ra1 Be7 28.
Bxe7 Kxe7 29. Kc3 Bc8 30. Ra4 Na6 31. Rxa6 1-0

[Event "47th Sparkassen Open"]
[Site "Dortmund GER"]
[Date "2019.07.16"]
[Round "4.19"]
[White "Koschetzki, Christian"]
[Black "Koellner, Ruben Gideon"]
[Result "1-0"]
[WhiteElo "1987"]
[BlackElo "2315"]
[WhiteFideId "24691658"]
[BlackFideId "12993093"]
[EventDate "2019.07.13"]

1. Nf3 Nf6 2. g3 d5 3. d4 e6 4. Bg2 b5 5. O-O Nbd7 6. b3 Bb7 7. Bf4 c5 8. c3 Rc8
9. Nbd2 cxd4 10. cxd4 Ba3 11. b4 Bxb4 12. Qb3 Bc3 13. Rac1 b4 14. a3 Qb6 15.
axb4 Bxb4 16. Rxc8+ Bxc8 17. Rc1 O-O 18. Bc7 Qb7 19. Rb1 Qxc7 20. Qxb4 Ba6 21.
Re1 Rc8 22. h3 h6 23. Qa3 Bb5 24. Bf1 a6 25. e3 Ne8 26. Nb3 Qb6 27. Nfd2 Nd6 28.
Ra1 Rc2 29. Qb4 Qc7 30. Bxb5 axb5 31. Ra6 Rc6 32. Ra8+ Kh7 33. Kg2 Rc2 34. Na1
Rc6 35. Qb1+ g6 36. h4 Nf6 37. Nab3 Rc2 38. Ra7 Qc3 39. h5 Nxh5 40. Rd7 Nc4 41.
Nxc4 bxc4 42. Nc5 Rb2 43. Rxf7+ Ng7 44. Nd7 h5 45. Nf8+ Kg8 46. Qxg6 Rxf2+ 47.
Rxf2 Qxe3 48. Qh7# 1-0

[Event "47th Sparkassen Open"]
[Site "Dortmund GER"]
[Date "2019.07.16"]
[Round "4.20"]
[White "Schroeder, Joerg"]
[Black "Boehm, Juergen2"]
[Result "1/2-1/2"]
[WhiteElo "1985"]
[BlackElo "2175"]
[WhiteFideId "24635677"]
[BlackFideId "4606434"]
[EventDate "2019.07.13"]

1. Nf3 d5 2. e3 Nf6 3. c4 e6 4. b3 c5 5. g3 Nc6 6. Bg2 Be7 7. O-O O-O 8. Qe2 b6
9. Bb2 Bb7 10. d3 Qc7 11. Nbd2 Rad8 12. cxd5 Nxd5 13. d4 cxd4 14. Nxd4 Nxd4 15.
Bxd4 Bf6 16. Rac1 Qe7 17. Bxf6 Nxf6 18. Bxb7 1/2-1/2

[Event "47th Sparkassen Open"]
[Site "Dortmund GER"]
[Date "2019.07.16"]
[Round "4.21"]
[White "Mueller, Frank3"]
[Black "Spickermann, Sven"]
[Result "1-0"]
[WhiteElo "2092"]
[BlackElo "2008"]
[WhiteFideId "24681318"]
[BlackFideId "16248767"]
[EventDate "2019.07.13"]

1. e4 e5 2. Nf3 Nc6 3. Bb5 a6 4. Ba4 Nf6 5. O-O Nxe4 6. d4 b5 7. Bb3 d5 8. dxe5
Be6 9. c3 Be7 10. Nbd2 O-O 11. Qe2 Bf5 12. Nd4 Nxd4 13. cxd4 c5 14. Nxe4 Bxe4
15. dxc5 Bxc5 16. Rd1 Ra7 17. Be3 Bxe3 18. Qxe3 Rd7 19. Rd4 Bf5 20. Rad1 Be6 21.
h3 f6 22. f4 Qb6 23. Kh2 f5 24. Qf3 Rfd8 25. Bxd5 Kf8 26. R1d3 Bxd5 27. Rxd5
Rxd5 28. Rxd5 Rxd5 29. Qxd5 Qe3 30. Qd8+ Kf7 31. Qd7+ Kf8 32. Qxf5+ 1-0

[Event "47th Sparkassen Open"]
[Site "Dortmund GER"]
[Date "2019.07.16"]
[Round "4.22"]
[White "Fistoul, Boris"]
[Black "Guenther, Lars"]
[Result "1-0"]
[WhiteElo "1938"]
[BlackElo "2114"]
[WhiteFideId "12953962"]
[BlackFideId "4625153"]
[EventDate "2019.07.13"]

1. d4 Nf6 2. c4 e5 3. dxe5 Ng4 4. Nf3 Bc5 5. e3 Nc6 6. Nbd2 O-O 7. Be2 Re8 8.
O-O Ngxe5 9. Ne4 Bf8 10. Ng3 d6 11. Rb1 a5 12. b3 Re6 13. Nd4 Rh6 14. e4 Nxd4
15. Qxd4 Re6 16. f4 Nc6 17. Qd1 Rh6 18. f5 Rxh2 19. f6 Rh6 20. Bxh6 gxh6 21. Bh5
Qe8 22. Qe2 Ne5 23. Nf5 Kh8 24. Qe3 Bxf5 25. Rxf5 a4 26. Kh1 axb3 27. axb3 Ra3
28. Qd4 Ra5 29. Ra1 Qa8 30. Rff1 c6 31. c5 Rxa1 32. Rxa1 Qd8 33. Rf1 Qc7 34. Rf5
Ng6 35. Bxg6 dxc5 36. Rxc5 hxg6 37. Re5 Qc8 38. Re7 Qg4 39. Kg1 Kg8 40. Re8 Qh4
41. Rxf8+ 1-0

[Event "47th Sparkassen Open"]
[Site "Dortmund GER"]
[Date "2019.07.16"]
[Round "4.23"]
[White "Strathoff, Martin"]
[Black "Winterberg, Andreas"]
[Result "1-0"]
[WhiteElo "2102"]
[BlackElo "1956"]
[WhiteFideId "24609560"]
[BlackFideId "16210433"]
[EventDate "2019.07.13"]

1. d4 d5 2. c4 e6 3. Nc3 Be7 4. Nf3 Nf6 5. Bg5 Nbd7 6. e3 O-O 7. Bd3 b6 8. cxd5
exd5 9. O-O Bb7 10. Qc2 h6 11. Bf4 a6 12. Ne2 c5 13. Ng3 Rc8 14. Qe2 b5 15. dxc5
Nxc5 16. Bf5 Ne6 17. Be5 Nd7 18. Bd4 Nxd4 19. exd4 Rc7 20. Rac1 Bd6 21. Bb1 Re8
22. Qd3 Nf6 23. Nf5 Rxc1 24. Rxc1 Bf4 25. Rd1 Bc8 26. g3 Bc7 27. Ne3 Ne4 28. Nd2
Nf6 29. f3 Qd6 30. Nb3 Bb6 31. Ng2 Bd7 32. Nf4 Qe5 33. Kg2 Qe3 34. Qxe3 Rxe3 35.
Kf2 Re8 36. Nc5 Bc8 37. b4 Bc7 38. Nfd3 Nd7 39. Nxd7 Bxd7 40. Nc5 Bc8 41. a3 Kf8
42. Ba2 Rd8 43. Re1 Bb8 44. Bb3 Bc7 45. Re3 Bb8 46. Ke2 Bc7 47. Kd2 Bb8 48. Kc3
Bc7 49. Re2 Bb8 50. a4 Bc7 51. axb5 axb5 52. Bc2 Rd6 53. Bd3 Rb6 54. Ra2 Ke7 55.
Ra8 Bd7 56. f4 Rb8 57. Ra7 Kd6 58. Kd2 Kc6 59. Na6 Rb7 60. Bxb5+ Rxb5 61. Rxc7+
Kd6 62. Ra7 Rb6 63. Nc5 Be8 64. Kc3 Rb8 65. Kb3 g6 66. Na4 f5 67. Nc3 Bc6 68.
Rg7 Be8 69. Rh7 h5 70. Ra7 Rb6 71. Ra5 Bf7 72. b5 Rb7 73. Ra6+ Kc7 74. Rf6 Kd8
75. Kb4 Be8 76. b6 Rd7 77. Kc5 Ke7 78. Nxd5+ Rxd5+ 79. Kxd5 Kxf6 80. b7 1-0

[Event "47th Sparkassen Open"]
[Site "Dortmund GER"]
[Date "2019.07.16"]
[Round "4.24"]
[White "Skabs, Denis"]
[Black "Koellner, Christof"]
[Result "1/2-1/2"]
[WhiteElo "1745"]
[BlackElo "2091"]
[WhiteFideId "16248449"]
[BlackFideId "4635787"]
[EventDate "2019.07.13"]

1. e4 c5 2. d4 cxd4 3. c3 dxc3 4. Nxc3 Nc6 5. Nf3 e6 6. Bc4 a6 7. O-O b5 8. Bb3
Nge7 9. Bg5 h6 10. Be3 Bb7 11. Re1 Na5 12. Ne5 d6 13. Nd3 Nxb3 14. axb3 Nc6 15.
f4 Be7 16. Qg4 O-O 17. f5 exf5 18. exf5 Kh7 19. Rad1 Bf6 20. Nd5 Ne5 21. Nxe5
Bxe5 22. Nb6 Rb8 23. f6 Qxf6 24. Nd7 Qe6 25. Qxe6 fxe6 26. Nxb8 Rxb8 27. Bd4
Bxd4+ 28. Rxd4 Bd5 29. Kf2 Rc8 30. Ke3 Rc6 31. Kd2 Bxb3 32. Rc1 Rxc1 33. Kxc1
Bd5 34. g3 a5 35. Rf4 Kg6 36. Kd2 e5 37. Rf8 Bc4 38. Ra8 Kf5 39. Rxa5 d5 40. b3
Bxb3 41. Rxb5 Bc4 42. Rb7 g6 43. Rf7+ Ke6 44. Rc7 Ba2 45. Rc6+ Kf5 46. g4+ Kg5
47. Re6 e4 48. h4+ Kxg4 49. Rxg6+ Kxh4 50. Rxh6+ Kg5 51. Rh8 Kf4 52. Rf8+ Ke5
53. Re8+ Kd4 54. Re7 Bc4 55. Re8 Bb5 56. Re7 Bc6 57. Ke2 Bb5+ 58. Kd2 Bc6 59.
Ke2 Bb5+ 1/2-1/2

[Event "47th Sparkassen Open"]
[Site "Dortmund GER"]
[Date "2019.07.16"]
[Round "4.25"]
[White "Gerlach, Felix Tobias"]
[Black "Groneberg, Joerg"]
[Result "0-1"]
[WhiteElo "2097"]
[BlackElo "1921"]
[WhiteFideId "12957690"]
[BlackFideId "12941638"]
[EventDate "2019.07.13"]

1. e4 c5 2. Nf3 g6 3. d4 cxd4 4. Qxd4 Nf6 5. Nc3 Nc6 6. Qa4 d6 7. e5 dxe5 8.
Nxe5 Qd4 9. Qxd4 Nxd4 10. Nb5 Ne6 11. Bc4 Nd7 12. Nxf7 Kxf7 13. Bxe6+ Kxe6 14.
Nc7+ Kd6 15. Nxa8 b6 16. Bf4+ e5 17. O-O-O+ Kc6 18. Bg5 Bb7 19. Rd3 h6 20. Bh4
Bxa8 21. Rhd1 Nc5 22. Rc3 Bg7 23. b4 e4 24. Re3 Na4 25. Rxe4 Bb2+ 26. Kd2 g5 27.
Re6+ Kd7 28. Rde1 Bc3+ 0-1

[Event "47th Sparkassen Open"]
[Site "Dortmund GER"]
[Date "2019.07.16"]
[Round "4.26"]
[White "Conrad, Joachim"]
[Black "Schoeneshoefer, Adrian"]
[Result "1-0"]
[WhiteElo "2068"]
[BlackElo "1884"]
[WhiteFideId "24623083"]
[BlackFideId "16203771"]
[EventDate "2019.07.13"]

1. d4 Nf6 2. Nf3 d5 3. e3 e6 4. Bd3 c5 5. b3 Bd6 6. Bb2 O-O 7. O-O b6 8. Nbd2
Bb7 9. Ne5 Nbd7 10. f4 Ne4 11. Nxe4 dxe4 12. Bb5 Nf6 13. Qe1 a6 14. Be2 Nd5 15.
Qg3 f6 16. Nc4 Be7 17. Bg4 f5 18. Be2 Bh4 19. Qh3 Bf6 20. Ne5 Bxe5 21. dxe5 Qe8
22. a3 Qg6 23. c4 Ne7 24. Rad1 Rad8 25. Rd6 Nc8 26. Rdd1 Qf7 27. g4 Ne7 28. Kf2
g6 29. Qh4 Bc6 30. Rd6 b5 31. Rfd1 Rb8 32. R1d2 bxc4 33. bxc4 Rbc8 34. Qf6 fxg4
35. Bxg4 Nf5 36. Rxe6 Qb7 37. Qg5 Ng7 38. Red6 Nf5 39. Bxf5 Rxf5 1-0

[Event "47th Sparkassen Open"]
[Site "Dortmund GER"]
[Date "2019.07.16"]
[Round "4.27"]
[White "Eckert, Marius"]
[Black "Prieb, Robert"]
[Result "0-1"]
[BlackTitle "CM"]
[WhiteElo "2090"]
[BlackElo "1824"]
[WhiteFideId "12922234"]
[BlackFideId "16212002"]
[EventDate "2019.07.13"]

1. d4 Nf6 2. Bf4 g6 3. Nc3 d5 4. e3 Bg7 5. h4 c5 6. Nb5 Na6 7. c3 Bg4 8. Nf3 Qb6
9. a4 h5 10. Be2 Nd7 11. O-O O-O 12. Re1 Rfe8 13. Qd2 c4 14. e4 dxe4 15. Ng5
Bxe2 16. Qxe2 e5 17. Qxc4 Rf8 18. dxe5 Nxe5 19. Qxe4 Ng4 20. Re2 Nc5 21. Qc4 Ne6
22. Nxe6 fxe6 23. Bd6 Rfe8 24. a5 Qd8 25. Rxe6 Rxe6 26. Qxe6+ Kh7 27. Bg3 Qd2
28. Qb3 Re8 29. Qd1 Qxb2 30. Rb1 Qa2 31. Nd4 Qxa5 32. Nf3 b6 33. Qd7 Qf5 34.
Ng5+ Kh6 35. Rd1 Qxd7 0-1

[Event "47th Sparkassen Open"]
[Site "Dortmund GER"]
[Date "2019.07.16"]
[Round "4.28"]
[White "Kracht, Raphael"]
[Black "Biermann, Lenhard"]
[Result "1-0"]
[WhiteElo "2000"]
[BlackElo "2056"]
[WhiteFideId "16214382"]
[BlackFideId "12970077"]
[EventDate "2019.07.13"]

1. e4 e6 2. d4 d5 3. Nd2 Nf6 4. e5 Nfd7 5. f4 c5 6. c3 Nc6 7. Ndf3 Qb6 8. g3
cxd4 9. cxd4 Be7 10. Kf2 g5 11. fxg5 Ndxe5 12. Nxe5 Nxe5 13. Kg2 Nc6 14. Nf3 Bd7
15. b4 Bd6 16. b5 Ne7 17. Bd3 a6 18. bxa6 bxa6 19. Rb1 Qa7 20. Qe2 Nc6 21. Bf4
Qc7 22. Bxd6 Qxd6 23. Rb6 Ke7 24. Ne5 Rhb8 25. Rhb1 Rxb6 26. Rxb6 Qc7 27. Qb2
Nxe5 28. dxe5 Bc6 29. Qb4+ Kd7 30. Qc5 Ba4 31. Rd6+ Kc8 32. Bxa6+ Rxa6 33. Qxc7+
Kxc7 34. Rxa6 Bc2 35. Ra7+ Kc6 36. Ra8 Be4+ 37. Kf2 d4 38. Rd8 Kc5 39. Ke2 Bd5
40. Rc8+ Kb4 41. Kd3 Bxa2 42. Kxd4 Kb5 43. Rc7 1-0

[Event "47th Sparkassen Open"]
[Site "Dortmund GER"]
[Date "2019.07.16"]
[Round "4.29"]
[White "Guenther, Patrick"]
[Black "Delere, Adrian"]
[Result "1-0"]
[WhiteElo "2055"]
[BlackElo "1858"]
[WhiteFideId "24618357"]
[BlackFideId "12990400"]
[EventDate "2019.07.13"]

1. e4 e5 2. Nf3 Nc6 3. Bb5 f5 4. d3 fxe4 5. dxe4 Nf6 6. O-O d6 7. Nc3 Be7 8. Bc4
Na5 9. Qd3 c6 10. a4 Nxc4 11. Qxc4 d5 12. exd5 cxd5 13. Qb5+ Qd7 14. Nxe5 Qxb5
15. Nxb5 O-O 16. h3 a6 17. Nd4 Bd6 18. Nef3 Bd7 19. Be3 Rac8 20. Rfd1 h6 21. a5
Kh7 22. c3 Rb8 23. Ne2 Bc7 24. Ba7 Rbe8 25. Ng3 Rf7 26. Bd4 Bxg3 27. fxg3 Re2
28. b4 Rfe7 29. g4 Ne4 30. Re1 Rxe1+ 31. Rxe1 Re8 32. Re3 Bb5 33. Ne5 Rc8 34.
Kh2 Rc7 35. Nf3 Rf7 36. Re1 Rc7 37. Nh4 Bc4 38. Nf5 g6 39. Ng3 Nxg3 40. Kxg3 g5
41. h4 Kg8 42. Re6 Rc6 43. Re7 Rg6 44. h5 Rc6 45. Rxb7 Re6 46. Rb6 Kf7 47. Rxe6
Kxe6 48. Bg7 Kf7 49. Bxh6 Kf6 50. Kf2 Bb3 51. Ke3 Bc4 52. Kd4 Bf1 53. Kxd5 Bxg2+
54. Kd6 Bf1 55. Kc5 Be2 56. c4 Bxg4 57. b5 axb5 58. cxb5 Bxh5 59. Kd6 Be2 60. b6 1-0

[Event "47th Sparkassen Open"]
[Site "Dortmund GER"]
[Date "2019.07.16"]
[Round "4.30"]
[White "Torres-Kuckel, Rafael"]
[Black "Meier, Silas"]
[Result "1-0"]
[WhiteTitle "FM"]
[WhiteElo "2152"]
[BlackElo "1811"]
[WhiteFideId "4625072"]
[BlackFideId "16210662"]
[EventDate "2019.07.13"]

1. e4 d6 2. d4 Nf6 3. Nc3 Nbd7 4. Nf3 e5 5. Bc4 Be7 6. g4 d5 7. exd5 e4 8. Ne5
Nxe5 9. dxe5 Nxg4 10. Qd4 Bh4 11. Nxe4 O-O 12. Bf4 Bf5 13. Bg3 Re8 14. f4 Bxe4
15. Qxe4 Nxh2 16. Qg2 Qe7 17. O-O-O Bxg3 18. Qxg3 Qb4 19. Bb3 a5 20. a3 Qe4 21.
Qxh2 a4 22. Ba2 Ra6 23. Rhg1 b5 24. c3 c5 25. Rde1 Qd3 26. Bb1 Qxd5 27. Qxh7+
Kf8 28. Qxg7+ Ke7 29. Qg5+ Kf8 30. Rh1 1-0

[Event "47th Sparkassen Open"]
[Site "Dortmund GER"]
[Date "2019.07.16"]
[Round "4.31"]
[White "Rempel, Patrick"]
[Black "Henrotte, Nils"]
[Result "1-0"]
[WhiteElo "2119"]
[BlackElo "1969"]
[WhiteFideId "4657632"]
[BlackFideId "12923311"]
[EventDate "2019.07.13"]

1. d4 e6 2. c4 Nf6 3. Nf3 a6 4. g3 b5 5. b3 Bb7 6. Bg2 Bb4+ 7. Bd2 Bxd2+ 8.
Nbxd2 g5 9. h3 Qc8 10. Rc1 Nc6 11. Nf1 h6 12. d5 Ne7 13. Qd4 Neg8 14. Ne3 c5 15.
Qe5 Qb8 16. d6 Rh7 17. O-O Kf8 18. cxb5 Ne4 19. Rfd1 f6 20. Qb2 axb5 21. Qc2 Rf7
22. Ne5 fxe5 23. Bxe4 Bxe4 24. Qxe4 Rxa2 25. Ng4 Qa7 26. Nxe5 Rg7 27. Qf3+ Ke8
28. Qh5+ Kd8 29. Nf7+ Kc8 30. Nxh6 Nxh6 31. Qxh6 Rg8 32. Qh7 Rf8 33. Qg7 Rf5 34.
g4 Rd5 35. Rxd5 exd5 36. Qg8+ Kb7 37. Qxd5+ Ka6 38. Kf1 Qb8 39. Qxc5 1-0

[Event "47th Sparkassen Open"]
[Site "Dortmund GER"]
[Date "2019.07.16"]
[Round "4.32"]
[White "Perkampus, Laurin"]
[Black "Burchert, Wolfgang"]
[Result "1-0"]
[WhiteElo "2009"]
[BlackElo "2075"]
[WhiteFideId "16232283"]
[BlackFideId "4654412"]
[EventDate "2019.07.13"]

1. d4 Nf6 2. c4 e6 3. Nc3 Bb4 4. Qc2 O-O 5. a3 Bxc3+ 6. Qxc3 b6 7. Bg5 Bb7 8. e3
h6 9. Bh4 d6 10. f3 Nbd7 11. Bd3 c5 12. Ne2 Rc8 13. O-O d5 14. cxd5 exd5 15.
Rac1 Re8 16. Bf5 g5 17. Bf2 cxd4 18. Qxd4 Rxc1 19. Rxc1 Nc5 20. Rc3 Ne6 21. Qd3
Nd7 22. Bxe6 Rxe6 23. Qc2 Re8 24. b4 Nf8 25. Nd4 Bc8 26. Rc7 a5 27. Qc6 axb4 28.
axb4 Ne6 29. Nxe6 Bxe6 30. Qxb6 Qf6 31. Qd4 Qxd4 32. exd4 Rb8 33. Be1 Kf8 34.
Rc5 Ke7 35. b5 Kd7 36. Ba5 Rb7 37. b6 Kd6 38. Kf2 Bf5 39. Ke3 Re7+ 40. Kd2 Rb7
41. Kc3 Be6 42. g4 f5 43. h3 h5 44. gxh5 g4 45. hxg4 fxg4 46. fxg4 Bxg4 47. h6
Rh7 48. Rc7 1-0

[Event "47th Sparkassen Open"]
[Site "Dortmund GER"]
[Date "2019.07.16"]
[Round "4.33"]
[White "Ball, Joerg"]
[Black "Sonnenschein, Philipp"]
[Result "0-1"]
[WhiteElo "1961"]
[BlackElo "2099"]
[WhiteFideId "4685172"]
[BlackFideId "16250877"]
[EventDate "2019.07.13"]

1. e4 e5 2. Nf3 Nc6 3. Bc4 Nf6 4. d3 Bc5 5. c3 d6 6. Bb3 a6 7. O-O Ba7 8. Nbd2
Be6 9. Bc2 O-O 10. h3 Re8 11. Re1 d5 12. Qe2 Nh5 13. Nf1 dxe4 14. dxe4 Qf6 15.
b3 h6 16. Kh2 Nf4 17. Bxf4 Qxf4+ 18. g3 Qf6 19. Ne3 Ne7 20. Rad1 Rad8 21. Ng4
Bxg4 22. hxg4 Nc8 23. Kg2 Nd6 24. Rd3 b5 25. Red1 Ra8 26. R3d2 Bb6 27. Nh4 g6
28. Nf3 Kg7 29. Ne1 Qe6 30. Bd3 Ba5 31. b4 Bb6 32. Kf1 h5 33. Ng2 Qxg4 34. Qxg4
hxg4 35. Ke2 f5 36. Bc2 Rf8 37. Ne3 Bxe3 38. fxe3 fxe4 39. Rg1 Rf7 40. Bb3 Rf3
41. Be6 Rh8 42. Rg2 Rh3 43. Bxg4 Rhxg3 44. Rxg3 Rxg3 45. Be6 Kf6 0-1

[Event "47th Sparkassen Open"]
[Site "Dortmund GER"]
[Date "2019.07.16"]
[Round "4.34"]
[White "Chubakov, Sultan"]
[Black "Kantor, Nikita"]
[Result "1-0"]
[WhiteElo "2095"]
[BlackElo "1906"]
[WhiteFideId "13803468"]
[BlackFideId "12990922"]
[EventDate "2019.07.13"]

1. d4 g6 2. c4 Bg7 3. e4 c5 4. d5 d6 5. Nc3 Nd7 6. Nf3 Nh6 7. h3 f6 8. Be3 Nf7
9. Nd2 Nb6 10. f4 e6 11. Bd3 exd5 12. exd5 f5 13. O-O O-O 14. Nf3 Rb8 15. Re1
Na8 16. Rb1 Nc7 17. Bf2 Bf6 18. Qd2 a6 19. b4 cxb4 20. Rxb4 b5 21. Nd4 Bxd4 22.
Bxd4 Re8 23. cxb5 axb5 24. Bxb5 Bd7 25. a4 Nxb5 26. Nxb5 Qa5 27. Bc3 Qb6+ 28.
Kh2 Qc5 29. Bd4 Qc8 30. Rxe8+ Qxe8 31. Ba1 Qf8 32. Qd4 Re8 33. Nxd6 1-0

[Event "47th Sparkassen Open"]
[Site "Dortmund GER"]
[Date "2019.07.16"]
[Round "4.36"]
[White "Saizew, Valeri"]
[Black "Sondermann, Dirk"]
[Result "0-1"]
[WhiteElo "2032"]
[BlackElo "1865"]
[WhiteFideId "12932361"]
[BlackFideId "4658116"]
[EventDate "2019.07.13"]

1. e4 e6 2. d4 d5 3. Nd2 Nc6 4. Ngf3 Nf6 5. e5 Nd7 6. c3 a5 7. Bb5 Na7 8. Bd3 b6
9. O-O Be7 10. Re1 c5 11. c4 Bb7 12. b3 O-O 13. Bb2 cxd4 14. Nxd4 Nc5 15. Bb1 g6
16. Qe2 Qd7 17. Bc2 Nc6 18. Rad1 Nxd4 19. Bxd4 Qc7 20. Qg4 Nd7 21. h4 Rfe8 22.
h5 Bf8 23. Re3 Bg7 24. f4 Rad8 25. Bb1 Nb8 26. Bb2 Qc5 27. Kf2 Nc6 28. cxd5 Rxd5
29. Ne4 Qe7 30. Rxd5 exd5 31. Nd6 Rf8 32. Qd1 Qh4+ 33. Rg3 Qxf4+ 34. Rf3 Qh4+
35. Kg1 Bxe5 36. Bxe5 Nxe5 37. Rh3 Qe7 38. Nxb7 Qxb7 39. Qd4 Qe7 40. Rc3 Qd6 41.
Re3 Re8 42. Bd3 Qc5 43. Qxc5 bxc5 44. Bb5 Re7 45. hxg6 hxg6 46. Kf1 d4 47. Re1
Kg7 48. Rc1 Rc7 49. Ke2 f5 50. Kd2 Kf6 51. Be2 Ke6 52. Rh1 a4 53. Rh8 axb3 54.
axb3 Ra7 55. Re8+ Kf6 56. Rc8 Ra2+ 57. Ke1 d3 58. Bd1 Rxg2 59. Rxc5 f4 60. b4
Rb2 61. Rb5 g5 62. Rb8 g4 63. b5 f3 64. b6 Nc4 65. Bxf3 gxf3 66. Rf8+ Ke7 67.
Rxf3 d2+ 68. Ke2 Rb1 69. Rd3 Re1+ 0-1

[Event "47th Sparkassen Open"]
[Site "Dortmund GER"]
[Date "2019.07.16"]
[Round "4.38"]
[White "Gula, Julian"]
[Black "Gluma, Christian"]
[Result "1/2-1/2"]
[WhiteElo "1991"]
[BlackElo "1876"]
[WhiteFideId "12954799"]
[BlackFideId "16223209"]
[EventDate "2019.07.13"]

1. Nc3 g6 2. h4 h5 3. e4 Bg7 4. d4 c6 5. Bc4 d5 6. exd5 b5 7. Bb3 b4 8. Ne4 cxd5
9. Nc5 Nf6 10. Bd2 Qb6 11. Ne2 Nbd7 12. Nf4 e6 13. Nfd3 a5 14. a3 bxa3 15. Rxa3
Ne4 16. Be3 O-O 17. Nxe4 dxe4 18. Nf4 a4 19. Bxa4 Qxb2 20. Rb3 Qa2 21. Bc6 Rb8
22. Rxb8 Nxb8 23. Bxe4 Ba6 24. Bd3 Rd8 25. Bxa6 Qxa6 26. Ne2 Nc6 27. O-O Qc4 28.
c3 e5 29. Re1 Ne7 30. Qc1 Nd5 31. g3 Rc8 32. Bh6 Nxc3 33. Nxc3 Bxh6 34. Qxh6
Qxc3 35. Rxe5 Qxd4 36. Qe3 Qxe3 1/2-1/2